| 000 | 01118nam a22002657a 4500 | ||
|---|---|---|---|
| 999 |
_c63574 _d63574 |
||
| 005 | 20240530110648.0 | ||
| 008 | 171025s2015 ua a g b 000 0 ara d | ||
| 017 |
_a2014/13904 _bمصر. دار الكتب |
||
| 020 | _a9789777350585 | ||
| 040 |
_aEG-CaGPL _cEG-CaGPL |
||
| 082 | 0 | 4 |
_221 _a155.418 / _bم ت |
| 100 | 0 | _aمحمد السيد عبدالرحمن | |
| 245 | 1 | 2 |
_aالتاهيل السلوكى والمعرفى لذوى الاعاقة : _bاسسة النظرية واجراءاتة التطبيقية / _cاعداد محمد السيد عبدالرحمن ، نجاة مختار حسين |
| 250 | _aط. 1 | ||
| 260 |
_aالقاهرة : _bدار الكتاب الحديث ، _c2015. |
||
| 300 |
_a502 ص. : _bايض ؛ _c24 سم. |
||
| 504 | _aشتمل على ارجاعات ببليوجرافية | ||
| 650 | 0 | 7 |
_2qrmak _aالسلوك |
| 650 | 0 | 7 |
_2qrmak _aعلم النفس |
| 650 | 0 | 7 |
_2qrmak _aالمعوقون _xسلوك |
| 650 | 0 | 7 |
_2qrmak _aالمعوقون _xعلم نفس |
| 700 | 0 |
_aنجاة مختار حسين _eمعد |
|
| 942 |
_2ddc _cBK |
||